Využitie bayesovskej štatistiky v analýze rozptylu
Bayesovský prístup k štandardnej štatistickej metóde - analýze rozptylu. Princíp analýzy rozptylu. Bodový odhad strednej hodnoty čiastkového súboru. Bodový odhad strednej hodnoty priemerných mesačných príjmov vybranej skupiny domácností.
Gespeichert in:
| 1. Verfasser: | |
|---|---|
| Format: | Buchkapitel |
| Sprache: | Slowakisch |
| Schlagworte: | |
| Tags: |
Keine Tags, Fügen Sie das erste Tag hinzu!
|
MARC
| LEADER | 00000naa$a2200000$$$4500 | ||
|---|---|---|---|
| 001 | 0042144 | ||
| 005 | 20240502071513.4 | ||
| 041 | 0 | |a slo | |
| 044 | |a SK | ||
| 245 | 1 | 0 | |a Využitie bayesovskej štatistiky v analýze rozptylu |c Eva Kotlebová |
| 520 | |a Bayesovský prístup k štandardnej štatistickej metóde - analýze rozptylu. Princíp analýzy rozptylu. Bodový odhad strednej hodnoty čiastkového súboru. Bodový odhad strednej hodnoty priemerných mesačných príjmov vybranej skupiny domácností. | ||
| 610 | 2 | 0 | |a štatistika |
| 610 | 2 | 0 | |a metódy štatistické |
| 610 | 2 | 0 | |a príjmy |
| 610 | 2 | 0 | |a domácnosti |
| 610 | 2 | 0 | |a mzdy mesačné |
| 610 | 2 | 0 | |a mzdy priemerné |
| 610 | 2 | 0 | |a Slovensko |
| 100 | 1 | |a Kotlebová, Eva | |